Khảo sát thành phần loài cá tại vườn Quốc gia Tràm Chim Tam Nông - Đồng Tháp : Luận văn tốt nghiệp cao học. Ngành: Khoa học Môi trường
Đề tài nghiên cứu nhằm khảo sát thành phần loài cá ra vào tại phân khu A1 Vườn quốc gia Tràm Chim; Đánh giá sự phân bổ của các loài thuỷ sản trong và bên ngoài Vườn
Spremljeno u:
| Glavni autor: | |
|---|---|
| Format: | Knjiga |
| Jezik: | Undetermined |
| Izdano: |
Cần Thơ
Đại học Cần Thơ
2013
|
| Teme: | |
| Oznake: |
Dodaj oznaku
Bez oznaka, Budi prvi tko označuje ovaj zapis!
|
| Thư viện lưu trữ: | Trung tâm Học liệu Trường Đại học Cần Thơ |
|---|
| LEADER | 01064nam a2200229Ia 4500 | ||
|---|---|---|---|
| 001 | CTU_184563 | ||
| 008 | 210402s9999 xx 000 0 und d | ||
| 082 | |a 639.31 | ||
| 082 | |b Nh107 | ||
| 088 | |a 60440301 | ||
| 100 | |a Đoàn, Văn Nhanh | ||
| 245 | 0 | |a Khảo sát thành phần loài cá tại vườn Quốc gia Tràm Chim Tam Nông - Đồng Tháp : | |
| 245 | 0 | |b Luận văn tốt nghiệp cao học. Ngành: Khoa học Môi trường | |
| 260 | |a Cần Thơ | ||
| 260 | |b Đại học Cần Thơ | ||
| 260 | |c 2013 | ||
| 520 | |a Đề tài nghiên cứu nhằm khảo sát thành phần loài cá ra vào tại phân khu A1 Vườn quốc gia Tràm Chim; Đánh giá sự phân bổ của các loài thuỷ sản trong và bên ngoài Vườn | ||
| 650 | |a Fishes,Khảo sát thành phần loài cá | ||
| 650 | |x Geographical distribution | ||
| 650 | |z Vietnam,Tam Nông | ||
| 904 | |i Võ, Thị Diệu | ||
| 980 | |a Trung tâm Học liệu Trường Đại học Cần Thơ | ||